Davidson's principles and practice of medicine / (Record no. 9800)
[ view plain ]
| 000 -LEADER | |
|---|---|
| fixed length control field | 01129cam a22003494a 4500 |
| 001 - CONTROL NUMBER | |
| JCCL Control Number | 9800 |
| 003 - CONTROL NUMBER IDENTIFIER | |
| JCCL marc code | BD-JhCC |
| 005 - DATE AND TIME OF LATEST TRANSACTION | |
| control field | 20180401105257.0 |
| 008 - FIXED-LENGTH DATA ELEMENTS--GENERAL INFORMATION | |
| fixed length control field | 180401s2002 stka b 001 0 eng |
| 020 ## - INTERNATIONAL STANDARD BOOK NUMBER | |
| International Standard Book Number | 0443070350 |
| 020 ## - INTERNATIONAL STANDARD BOOK NUMBER | |
| International Standard Book Number | 0443070369 (international ed.) |
| 020 ## - INTERNATIONAL STANDARD BOOK NUMBER | |
| International Standard Book Number | 044307111X (hardback ed.) |
| 035 ## - SYSTEM CONTROL NUMBER | |
| system control number | (DNLM)101152283 |
| -- | (BD-JhCC)9800 |
| 040 ## - CATALOGING SOURCE | |
| Original cataloging agency | DNLM/DLC |
| Transcribing agency | DLC |
| Modifying agency | DLC |
| -- | BD-JhCC |
| 041 ## - LANGUAGE CODE | |
| Language code of Book | eng |
| 050 00 - LIBRARY OF CONGRESS CALL NUMBER | |
| Classification number | RC46 |
| Item number | .D24 2002 |
| 060 10 - NATIONAL LIBRARY OF MEDICINE CALL NUMBER | |
| Classification number | WB 100 |
| Item number | D253 2002 |
| 082 00 - DEWEY DECIMAL CLASSIFICATION NUMBER | |
| Classification number | 616 |
| DDC Edition number | 21 |
| Author mark and Year | DAV 2002 |
| 245 00 - TITLE STATEMENT | |
| Title | Davidson's principles and practice of medicine / |
| Statement of responsibility, etc | Stanley Davidson, C. Haslett, |
| 246 30 - VARYING FORM OF TITLE | |
| Title proper/short title | Principles and practice of medicine |
| 250 ## - EDITION STATEMENT | |
| Edition statement | 19th ed. / |
| 260 ## - PUBLICATION, DISTRIBUTION, ETC. (IMPRINT) | |
| Place of publication, distribution, etc | Edinburgh ; |
| -- | New York : |
| Name of publisher, distributor, etc | Churchill Livingstone, |
| Date of publication, distribution, etc | c2002. |
| 300 ## - PHYSICAL DESCRIPTION | |
| Pagination | xxii, 1274 p. : |
| Other physical details | ill. (chiefly col.) ; |
| Dimensions | 27 cm. |
| 500 ## - GENERAL NOTE | |
| General note | "50th anniversary ed."--Front cover. |
| 504 ## - BIBLIOGRAPHY, ETC. NOTE | |
| Bibliography, etc | Includes bibliographical references and index. |
| 650 #0 - SUBJECT ADDED ENTRY--TOPICAL TERM | |
| Topical term or geographic name as entry element | Internal medicine. |
| 650 12 - SUBJECT ADDED ENTRY--TOPICAL TERM | |
| Topical term or geographic name as entry element | Medicine. |
| 700 1# - ADDED ENTRY--PERSONAL NAME | |
| Personal name | Davidson, Stanley, |
| Titles and other words associated with a name | Sir, |
| Dates associated with a name | 1894-1981. |
| 700 1# - ADDED ENTRY--PERSONAL NAME | |
| Personal name | Haslett, C. |
| Fuller form of name | (Christopher) |
| 942 ## - ADDED ENTRY ELEMENTS (KOHA) | |
| Source of classification or shelving scheme | Dewey Decimal Classification |
| Koha item type | Books |
| Source of classification or shelving scheme | Damaged status | Not for loan | Home library | Current library | Shelving location | Date of accession | Total Checkouts | Full call number | Barcode | Date last seen | Copy number | Koha item type |
|---|---|---|---|---|---|---|---|---|---|---|---|---|
| Dewey Decimal Classification | JCC Rouf Library | JCC Rouf Library | General Stacks | 04/01/2018 | 616 DAV 2002 | 13308 | 04/01/2018 | C-1 | Books |